LEADER 01290nam 2200409 450 001 990000735230203316 010 $a88-7104-738-9 035 $a0073523 035 $aUSA010073523 035 $a(ALEPH)000073523USA01 035 $a0073523 100 $a20011112d1993----km-y0itay0103----ba 101 $aita 102 $aIT 105 $a||||||||001yy 200 1 $aAnimal symbolicum$edalla filosofia del linguaggio alla zoosemiotica$fBruno Laurentano 210 $aNapoli$cEdizione scientifiche italiane$d1993 215 $a213 p.$d21 cm 225 2 $aComunicazione, controllo, comportamento$v6 410 $12001$aComunicazione, controllo, comportamento$v6 461 1$1001-------$12001 606 0 $aFilosofia del linguaggio 606 0 $aAnimali$xLinguaggio 676 $a149.94 700 1$aLAURETANO,$bBruno$0241266 801 0$aIT$bsalbc$gISBD 912 $a990000735230203316 951 $aIV C COLL 399/6$b115767 LM$cIV C COLL 951 $aIV C COLL 399/6 BIS$b115768 LM$cIV C COLL 951 $aIV C COLL 399/6 A$b115769 LM$cIV C COLL 959 $aBK 969 $aUMA 979 $aPATTY$b90$c20011112$lUSA01$h1607 979 $c20020403$lUSA01$h1721 979 $aPATRY$b90$c20040406$lUSA01$h1651 996 $aAnimal symbolicum$9635888 997 $aUNISA LEADER 02082nas 2200721-a 450 001 996205849703316 005 20240324213018.0 011 $a1095-9157 035 $a(DE-599)ZDB1468989-3 035 $a(OCoLC)36982992 035 $a(CKB)954922649139 035 $a(CONSER)sn-97001946- 035 $a(EXLCZ)99954922649139 100 $a19970529a19889999 s-- a 101 0 $aeng 135 $aur||||||||||| 181 $ctxt$2rdacontent 182 $cc$2rdamedia 183 $acr$2rdacarrier 200 10$aJournal of autoimmunity 210 1$aLondon, UK :$cAcademic Press,$d©1988- 210 31$aAmsterdam :$cElsevier 300 $aRefereed/Peer-reviewed 311 $a0896-8411 531 $aJ AUTOIMMUN 531 $aJ. AUTOIMMUN 531 0 $aJ. autoimmun. 606 $aAutoimmunity$vPeriodicals 606 $aAutoimmune diseases$vPeriodicals 606 $aAutoantibodies 606 $aAutoimmune diseases 606 $aAutoantibodies 606 $aAutoimmune Diseases 606 $aAuto-immunité$vPériodiques 606 $aMaladies auto-immunes$vPériodiques 606 $aAutoanticorps 606 $aMaladies auto-immunes 606 $aAutoantibodies$2fast$3(OCoLC)fst00822532 606 $aAutoimmune diseases$2fast$3(OCoLC)fst00822663 606 $aAutoimmunity$2fast$3(OCoLC)fst00822674 608 $aPeriodical 608 $aperiodicals.$2aat 608 $aPeriodicals.$2fast 608 $aPeriodicals.$2lcgft 608 $aPériodiques.$2rvmgf 615 0$aAutoimmunity 615 0$aAutoimmune diseases 615 0$aAutoantibodies. 615 0$aAutoimmune diseases. 615 2$aAutoantibodies 615 2$aAutoimmune Diseases 615 6$aAuto-immunité 615 6$aMaladies auto-immunes 615 6$aAutoanticorps. 615 6$aMaladies auto-immunes. 615 7$aAutoantibodies. 615 7$aAutoimmune diseases. 615 7$aAutoimmunity. 676 $a616 906 $aJOURNAL 912 $a996205849703316 996 $aJournal of autoimmunity$92426581 997 $aUNISA